[Event "GER-ch Net Amateur Gr-B Vor3"]
[Site "Playchess.com INT"]
[Date "2020.04.16"]
[Round "6"]
[White "Haubold, Sebastian Marcel"]
[Black "Michels, Holger"]
[Result "1/2-1/2"]
[WhiteElo "1753"]
[BlackElo "1670"]
[PlyCount "147"]
[EventDate "2020.04.16"]
[EventType "swiss (blitz)"]
[EventRounds "9"]
[EventCountry "GER"]
[SourceTitle "CBM 195 Extra"]
[Source "ChessBase"]
[SourceDate "2020.05.31"]
[SourceVersion "1"]
[SourceVersionDate "2020.05.31"]
[SourceQuality "1"]

1. e4 g6 2. d4 Bg7 3. Be3 c5 4. c3 Nf6 5. Nd2 cxd4 6. cxd4 d5 7. e5 Ng4 8. Ngf3 0-0 9. Bd3 Nxe3 10. fxe3 f6 11. exf6 exf6 12. 0-0 Nc6 13. Qb3 Bh6 14. Rfe1 Re8 15. Bc2 Qe7 16. Qxd5+ Kg7 17. e4 Bxd2 18. Nxd2 Rd8 19. Qb3 Nxd4 20. Qc3 Be6 21. Nf3 Rac8 22. Nxd4 Rxc3 23. bxc3 Bf7 24. Bb3 Qc7 25. Rac1 Qe5 26. Nf3 Qa5 27. e5 Bxb3 28. exf6+ Kxf6 29. axb3 Qb6+ 30. Nd4 Rxd4 31. cxd4 Qxd4+ 32. Kh1 a5 33. Rf1+ Kg5 34. h3 h5 35. Rc4 Qd3 36. Rfc1 Qxb3 37. Rc5+ Kh6 38. Rxa5 b5 39. Ra6 b4 40. Rb6 Qb2 41. Rf1 b3 42. Rf3 Qb1+ 43. Kh2 b2 44. Rfb3 h4 45. Rxb2 Qe1 46. Rb1 Qg3+ 47. Kh1 Qe3 48. R6b4 g5 49. Rb6+ Kh5 50. Rb8 Qf4 51. Rh8+ Kg6 52. Rg8+ Kf7 53. Rgb8 Kg6 54. Rd1 Kf7 55. Rbb1 Kg6 56. Rf1 Qc7 57. Rbe1 Kh5 58. Rf3 Qc6 59. Ref1 Qc5 60. Kh2 Qc7+ 61. Kh1 Qc8 62. Rg1 g4 63. hxg4+ Qxg4 64. Rgf1 Kg5 65. Rf5+ Qxf5 66. Rxf5+ Kxf5 67. Kh2 Kg4 68. g3 hxg3+ 69. Kg2 Kf4 70. Kg1 Kf3 71. Kf1 Kg4 72. Kg2 Kh4 73. Kg1 Kg4 74. Kg2 1/2-1/2

[Event "GER-ch Net Amateur Gr-B Vor3"]
[Site "Playchess.com INT"]
[Date "2020.04.16"]
[Round "4"]
[White "Heyer, Thomas"]
[Black "Michels, Holger"]
[Result "0-1"]
[WhiteElo "1203"]
[BlackElo "1658"]
[PlyCount "24"]
[EventDate "2020.04.16"]
[EventType "swiss (blitz)"]
[EventRounds "9"]
[EventCountry "GER"]
[SourceTitle "CBM 195 Extra"]
[Source "ChessBase"]
[SourceDate "2020.05.31"]
[SourceVersion "1"]
[SourceVersionDate "2020.05.31"]
[SourceQuality "1"]

1. b4 e5 2. Bb2 Bxb4 3. f4 exf4 4. Bxg7 Qh4+ 5. g3 fxg3 6. Bg2 gxh2+ 7. Kf1 hxg1Q+ 8. Kxg1 Qg5 9. Bxh8 d5 10. Rxh7 Nf6 11. Rg7 Qh6 12. Rg4 Nxg4 0-1

[Event "GER-ch Net Amateur Gr-B Vor3"]
[Site "Playchess.com INT"]
[Date "2020.04.16"]
[Round "1"]
[White "Oddey, Dieter"]
[Black "Michels, Holger"]
[Result "0-1"]
[WhiteElo "1402"]
[BlackElo "1639"]
[PlyCount "64"]
[EventDate "2020.04.16"]
[EventType "swiss (blitz)"]
[EventRounds "9"]
[EventCountry "GER"]
[SourceTitle "CBM 195 Extra"]
[Source "ChessBase"]
[SourceDate "2020.05.31"]
[SourceVersion "1"]
[SourceVersionDate "2020.05.31"]
[SourceQuality "1"]

1. c4 Nf6 2. Nc3 c5 3. g3 Nc6 4. Bg2 g6 5. a3 Bg7 6. e3 d6 7. Nge2 0-0 8. 0-0 Bf5 9. d4 cxd4 10. exd4 Na5 11. b3 Qb6 12. b4 Nxc4 13. Na4 Qc7 14. Bf4 Qd7 15. Rc1 Nxa3 16. Qb3 Nb5 17. Nec3 Nxd4 18. Qc4 Nh5 19. Be3 Rac8 20. Qd5 Nc6 21. Nc5 Qc7 22. Nb5 Qb8 23. Ne4 Be6 24. Qd2 a6 25. Ba7 Nxa7 26. Nxa7 Qxa7 27. g4 Nf6 28. Nxf6+ Bxf6 29. g5 Bg7 30. Rfe1 Rxc1 31. Rxc1 Rc8 32. Rxc8+ Bxc8 0-1

[Event "GER-ch Net Amateur Gr-B Vor3"]
[Site "Playchess.com INT"]
[Date "2020.04.16"]
[Round "8"]
[White "Schmitt, Carsten1111"]
[Black "Michels, Holger"]
[Result "1-0"]
[WhiteElo "1717"]
[BlackElo "1659"]
[PlyCount "67"]
[EventDate "2020.04.16"]
[EventType "swiss (blitz)"]
[EventRounds "9"]
[EventCountry "GER"]
[SourceTitle "CBM 195 Extra"]
[Source "ChessBase"]
[SourceDate "2020.05.31"]
[SourceVersion "1"]
[SourceVersionDate "2020.05.31"]
[SourceQuality "1"]

1. c4 Nf6 2. g3 c5 3. Bg2 Nc6 4. Nc3 g6 5. e4 d6 6. Nge2 Bg7 7. 0-0 Bg4 8. h3 Be6 9. d3 Qc8 10. Kh2 h5 11. f4 h4 12. g4 Bxg4 13. hxg4 Nxg4+ 14. Kg1 h3 15. Bf3 Nd4 16. Nxd4 Bxd4+ 17. Kh1 Nf2+ 18. Rxf2 Bxf2 19. Qe2 Bd4 20. Be3 Qe6 21. Nd5 0-0-0 22. Bxd4 cxd4 23. Bg4 f5 24. exf5 Qxe2 25. Bxe2 gxf5 26. Nxe7+ Kd7 27. Nxf5 Rde8 28. Bg4 Kc7 29. Nxd4 Reg8 30. Rg1 h2 31. Rg2 Rh4 32. Bf3 Rxg2 33. Bxg2 Rxf4 34. Ne6+ 1-0

[Event "GER-ch Net Amateur Gr-B Vor2"]
[Site "Playchess.com INT"]
[Date "2020.04.15"]
[Round "4"]
[White "Michels, Holger"]
[Black "Keller, Gert"]
[Result "1-0"]
[WhiteElo "1641"]
[BlackElo "1772"]
[PlyCount "67"]
[EventDate "2020.04.15"]
[EventType "swiss (blitz)"]
[EventRounds "9"]
[EventCountry "GER"]
[SourceTitle "CBM 196 Extra"]
[Source "ChessBase"]
[SourceDate "2020.07.31"]
[SourceVersion "1"]
[SourceVersionDate "2020.07.31"]
[SourceQuality "1"]

1. c4 c5 2. g3 Nc6 3. Bg2 g6 4. Nc3 Bg7 5. e4 d6 6. Nge2 Bd7 7. 0-0 Nf6 8. d3 e5 9. Bg5 h6 10. Bd2 Qc8 11. Nd5 Nxd5 12. cxd5 Nd4 13. Nxd4 exd4 14. f4 Bh3 15. f5 Bxg2 16. Kxg2 Be5 17. fxg6 fxg6 18. Qf3 Qd7 19. b4 0-0-0 20. bxc5 dxc5 21. Qf7 Rdf8 22. Qxd7+ Kxd7 23. Rxf8 Rxf8 24. Bxh6 Rf7 25. Rf1 Rxf1 26. Kxf1 b5 27. Ke2 c4 28. dxc4 bxc4 29. Bf4 Kd6 30. Bxe5+ Kxe5 31. h4 Kf6 32. g4 Ke5 33. h5 gxh5 34. gxh5 1-0

[Event "GER-ch Net Amateur Gr-B Vor2"]
[Site "Playchess.com INT"]
[Date "2020.04.15"]
[Round "1"]
[White "Michels, Holger"]
[Black "Matthies, Alexander"]
[Result "0-1"]
[WhiteElo "1641"]
[BlackElo "1435"]
[PlyCount "58"]
[EventDate "2020.04.15"]
[EventType "swiss (blitz)"]
[EventRounds "9"]
[EventCountry "GER"]
[SourceTitle "CBM 196 Extra"]
[Source "ChessBase"]
[SourceDate "2020.07.31"]
[SourceVersion "1"]
[SourceVersionDate "2020.07.31"]
[SourceQuality "1"]

1. c4 c5 2. g3 Nc6 3. Bg2 d6 4. Nc3 g6 5. d3 Bg7 6. e4 Nf6 7. Nge2 0-0 8. 0-0 Rb8 9. Be3 a6 10. a4 Bd7 11. h3 e6 12. f4 Qc7 13. Rb1 Rfd8 14. Qd2 Nb4 15. b3 a5 16. g4 b6 17. Ng3 Bc6 18. f5 d5 19. g5 Qxg3 20. gxf6 Bxf6 21. fxg6 Be5 22. gxf7+ Kf8 23. Bh6+ Bg7 24. Bxg7+ Qxg7 25. Nb5 dxe4 26. Kh1 Rxd3 27. Qf2 e3 28. Qe2 Rd2 29. Qg4 Bxg2+ 0-1

[Event "Heusenstamm Sparkassen op-A 6th"]
[Site "Heusenstamm"]
[Date "2019.11.21"]
[Round "1"]
[White "Michels, Holger"]
[Black "Hess, Steffen"]
[Result "0-1"]
[WhiteElo "1798"]
[BlackElo "2028"]
[PlyCount "56"]
[EventDate "2019.11.21"]
[EventType "swiss"]
[EventRounds "7"]
[EventCountry "GER"]
[SourceTitle "CBM 194 Extra"]
[Source "ChessBase"]
[SourceDate "2020.03.31"]
[SourceVersion "1"]
[SourceVersionDate "2020.03.31"]
[SourceQuality "1"]

1. c4 g6 2. g3 Bg7 3. Bg2 Nf6 4. e4 d6 5. Nc3 0-0 6. Nge2 c5 7. d3 Nc6 8. 0-0 Rb8 9. Rb1 a6 10. a3 b5 11. cxb5 axb5 12. b4 cxb4 13. axb4 Ne8 14. Be3 Nc7 15. d4 Bd7 16. f4 Na6 17. Na2 Bg4 18. e5 dxe5 19. Bxc6 exd4 20. Bxd4 Bxd4+ 21. Qxd4 Bxe2 22. Qxd8 Rfxd8 23. Rfe1 Bc4 24. Nc3 Rb6 25. Bf3 Rd3 26. Rxe7 Rxc3 27. Bb7 Kf8 28. Rbe1 Be6 0-1

[Event "Rheinland Pfalz op 11th"]
[Site "Weilerbach"]
[Date "2019.06.20"]
[Round "2"]
[White "Hollinger, Sascha"]
[Black "Michels, Holger"]
[Result "0-1"]
[WhiteElo "1505"]
[BlackElo "1774"]
[PlyCount "104"]
[EventDate "2019.06.20"]
[EventType "swiss"]
[EventRounds "7"]
[EventCountry "GER"]
[SourceTitle "CBM 191 Extra"]
[Source "ChessBase"]
[SourceDate "2019.09.30"]
[SourceVersion "1"]
[SourceVersionDate "2019.09.30"]
[SourceQuality "1"]

1. c4 g6 2. d4 Nf6 3. Nc3 Bg7 4. e4 d6 5. Be2 0-0 6. Be3 Nbd7 7. f4 e5 8. fxe5 dxe5 9. d5 Qe7 10. Nf3 Qb4 11. Qd2 Ng4 12. Rb1 Nxe3 13. Qxe3 Nb6 14. Nd2 f5 15. 0-0 f4 16. Qd3 g5 17. a3 Qe7 18. b4 Bd7 19. c5 Nc8 20. Nb5 Bxb5 21. Qxb5 b6 22. Bg4 a6 23. Qc4 b5 24. Qb3 Kh8 25. Bf5 Rxf5 26. exf5 e4 27. Rbe1 e3 28. Nb1 Bd4 29. Re2 Qe4 30. Nc3 Qd3 31. Rd1 Qxc3 32. Qxc3 Bxc3 33. d6 cxd6 34. cxd6 Bd2 35. g4 Nxd6 36. Rdxd2 exd2 37. Rxd2 Nc4 38. Ra2 Rd8 39. Ra1 Ne3 40. Ra2 Nxg4 41. h3 Ne3 42. Kf2 Nxf5 43. Rc2 Nd4 44. Rc5 h6 45. Rc7 Re8 46. Rd7 Re2+ 47. Kf1 Rd2 48. Rd6 Kg7 49. Rxa6 f3 50. a4 bxa4 51. Rxa4 Rb2 52. Ra7+ Kg6 0-1

[Event "Pfalz op-B 10th"]
[Site "Neustadt an der Weinstrasse"]
[Date "2019.03.03"]
[Round "4"]
[White "Michels, Holger"]
[Black "Back, Lennart"]
[Result "0-1"]
[WhiteElo "1811"]
[BlackElo "1594"]
[PlyCount "84"]
[EventDate "2019.03.01"]
[EventType "swiss"]
[EventRounds "7"]
[EventCountry "GER"]
[SourceTitle "CBM 189 Extra"]
[Source "ChessBase"]
[SourceDate "2019.06.03"]
[SourceVersion "1"]
[SourceVersionDate "2019.06.03"]
[SourceQuality "1"]

1. c4 e6 2. g3 Nf6 3. Bg2 d5 4. Nf3 Be7 5. b3 0-0 6. 0-0 c6 7. d3 Nbd7 8. Bb2 b6 9. Nbd2 Bb7 10. e4 Nc5 11. e5 Nfd7 12. d4 Na6 13. h4 Nc7 14. Nh2 Qe8 15. f4 g6 16. h5 f5 17. g4 h6 18. Bh3 Kh7 19. gxf5 gxf5 20. Kf2 Rg8 21. Nhf3 Kh8 22. Bg2 Rg4 23. Ke3 Rxg2 24. Rg1 Rxg1 25. Nxg1 c5 26. Qf3 Rb8 27. Qh3 cxd4+ 28. Bxd4 Nc5 29. Ngf3 Ne4 30. Nh4 Qxh5 31. Ndf3 Rg8 32. Rh1 Rg3 33. Qf1 Bxh4 34. Rh3 Qg4 35. Rxg3 Qxg3 36. Qh1 dxc4 37. Qxh4 Qxh4 38. Nxh4 cxb3 39. axb3 Bd5 40. b4 Na6 41. Ng6+ Kg7 42. b5 Nc7 0-1

[Event "SVR-op"]
[Site "Heimbach Weis"]
[Date "2017.04.08"]
[Round "2"]
[White "Michels, Holger"]
[Black "Hoefer, Helmut"]
[Result "1-0"]
[WhiteElo "1807"]
[BlackElo "1444"]
[PlyCount "107"]
[EventDate "2017.04.08"]
[EventType "swiss"]
[EventRounds "7"]
[EventCountry "GER"]
[SourceTitle "EXT 2020"]
[Source "ChessBase"]
[SourceDate "2019.10.17"]
[SourceVersion "1"]
[SourceVersionDate "2019.10.17"]
[SourceQuality "1"]

1. c4 c5 2. g3 Nf6 3. Bg2 d6 4. Nc3 a6 5. a3 Nc6 6. Rb1 Bd7 7. d3 e6 8. Nf3 Be7 9. 0-0 0-0 10. Bd2 Qc7 11. Qc2 h6 12. b4 Na7 13. bxc5 dxc5 14. Bf4 Qc8 15. Na4 Bxa4 16. Qxa4 b5 17. Qb3 Qe8 18. Nd2 Nc6 19. cxb5 axb5 20. e3 g5 21. Qxb5 Nd5 22. Bxd5 exd5 23. Bc7 Rxa3 24. Bb6 Ne5 25. d4 Qxb5 26. Rxb5 cxd4 27. Bxd4 Nc4 28. Nf3 Rd8 29. Ne5 Nxe5 30. Bxe5 f6 31. Bd4 Rd7 32. Rb6 Kf7 33. Rc1 Ra4 34. Rcc6 Rxd4 35. exd4 h5 36. f4 Kg6 37. fxg5 Kxg5 38. Kg2 h4 39. Kf3 hxg3 40. hxg3 Kf5 41. g4+ Kg5 42. Rc8 Bd8 43. Rbb8 Be7 44. Rg8+ Kh6 45. Rh8+ Kg7 46. Rbg8+ Kf7 47. Ra8 Kg7 48. Rh5 Kf7 49. Ra6 Bd8 50. Kf4 Kg6 51. Rf5 Bc7+ 52. Kf3 Bd8 53. Rc6 Be7 54. Rb6 1-0

[Event "Korbach op 8th"]
[Site "Korbach"]
[Date "2016.10.23"]
[Round "7"]
[White "Rehbein, Ulrich"]
[Black "Michels, Holger"]
[Result "0-1"]
[WhiteElo "1792"]
[BlackElo "1817"]
[PlyCount "42"]
[EventDate "2016.10.20"]
[EventType "swiss"]
[EventRounds "7"]
[EventCountry "GER"]
[SourceTitle "CBM 175 Extra"]
[Source "ChessBase"]
[SourceDate "2016.12.12"]
[SourceVersion "1"]
[SourceVersionDate "2016.12.12"]
[SourceQuality "1"]

1. d4 Nf6 2. Nf3 g6 3. c4 c5 4. d5 b5 5. cxb5 a6 6. bxa6 Bg7 7. Nc3 Bxa6 8. g3 d6 9. Bg2 Nbd7 10. 0-0 0-0 11. Re1 Qc7 12. e4 Rfb8 13. Rb1 Ng4 14. Bd2 Bd3 15. h3 Bxb1 16. Qxb1 Nge5 17. Nxe5 Nxe5 18. Qc2 Nc4 19. b3 Nxd2 20. Qxd2 Qa5 21. Rc1 Bxc3 0-1

[Event "Cologne Longerich op-A 13th"]
[Site "Cologne"]
[Date "2016.08.12"]
[Round "1"]
[White "Muedder, Melanie"]
[Black "Michels, Holger"]
[Result "1-0"]
[WhiteElo "1503"]
[BlackElo "1814"]
[PlyCount "77"]
[EventDate "2016.08.12"]
[EventType "swiss"]
[EventRounds "5"]
[EventCountry "GER"]
[SourceTitle "EXT 2022"]
[Source "ChessBase"]
[SourceDate "2021.10.06"]
[SourceVersion "1"]
[SourceVersionDate "2021.10.06"]
[SourceQuality "1"]

1. e4 c5 2. Nc3 d6 3. f4 g6 4. Nf3 Bg7 5. Bb5+ Bd7 6. Bc4 e6 7. 0-0 Ne7 8. Qe1 a6 9. a3 b5 10. Ba2 Nbc6 11. d3 b4 12. Nb1 Rb8 13. axb4 Nxb4 14. Qe2 Qb6 15. Kh1 Bb5 16. Na3 0-0 17. Nc4 Qc7 18. Bb3 Bxc4 19. Bxc4 d5 20. Bb3 Rfc8 21. c3 Nxd3 22. Qxd3 Rxb3 23. Rxa6 Qb7 24. Ra4 c4 25. Qe3 Qc6 26. Ra7 dxe4 27. Rxe7 exf3 28. Qxf3 Qxf3 29. Rxf3 Ra8 30. Rf1 Ra1 31. Kg1 Bxc3 32. Rd7 Bxb2 33. Rd8+ Kg7 34. Bxb2+ Rxb2 35. Rxa1 c3 36. Rc1 c2 37. Rc8 Rb4 38. g3 Rd4 39. R8xc2 1-0

[Event "Rheinland Pfalz op 8th"]
[Site "Reil an der Mosel"]
[Date "2016.05.28"]
[Round "6"]
[White "Harringer, Manfred"]
[Black "Michels, Holger"]
[Result "1-0"]
[WhiteElo "2025"]
[BlackElo "1820"]
[PlyCount "54"]
[EventDate "2016.05.26"]
[EventType "swiss"]
[EventRounds "7"]
[EventCountry "GER"]
[SourceTitle "EXT 2018"]
[Source "ChessBase"]
[SourceDate "2017.10.13"]
[SourceVersion "1"]
[SourceVersionDate "2017.10.13"]
[SourceQuality "1"]

1. e4 c5 2. Nf3 d6 3. Bb5+ Bd7 4. c4 g6 5. 0-0 Bg7 6. d4 cxd4 7. Nxd4 Nc6 8. Be3 Nf6 9. f3 0-0 10. Nc3 a6 11. Nxc6 Bxc6 12. Bxc6 bxc6 13. Qd2 Nd7 14. Rac1 Rb8 15. Rfd1 Qa5 16. b3 f5 17. Bh6 Ne5 18. Bxg7 Kxg7 19. f4 Qc5+ 20. Qd4 Qxd4+ 21. Rxd4 c5 22. Rd5 Nc6 23. e5 Nb4 24. Rd2 dxe5 25. fxe5 Rfd8 26. Rcd1 Nc6 27. Na4 Nxe5 1-0

[Event "Rheinland Pfalz op 8th"]
[Site "Reil an der Mosel"]
[Date "2016.05.28"]
[Round "5"]
[White "Michels, Holger"]
[Black "Marschall, Tillmann"]
[Result "1-0"]
[WhiteElo "1820"]
[BlackElo "1588"]
[PlyCount "97"]
[EventDate "2016.05.26"]
[EventType "swiss"]
[EventRounds "7"]
[EventCountry "GER"]
[SourceTitle "EXT 2018"]
[Source "ChessBase"]
[SourceDate "2017.10.13"]
[SourceVersion "1"]
[SourceVersionDate "2017.10.13"]
[SourceQuality "1"]

1. c4 c5 2. Nc3 g6 3. g3 Bg7 4. Bg2 Nc6 5. d3 d6 6. Nf3 e5 7. Bd2 Nge7 8. a3 a6 9. Rb1 Qc7 10. b4 cxb4 11. axb4 a5 12. bxa5 Nxa5 13. Nb5 Qd8 14. Bb4 Ra6 15. Qd2 0-0 16. Bxa5 Rxa5 17. Nxd6 Qc7 18. Nb5 Qd8 19. 0-0 Nc6 20. Rb3 f5 21. Qc2 Qf6 22. h4 h6 23. Nc7 Qd6 24. Nb5 Qe7 25. e4 f4 26. Qd2 Qc5 27. Kh2 Bf6 28. gxf4 exf4 29. Nc7 g5 30. Nd5 Bd8 31. Bh1 g4 32. Qb2 Kh7 33. Ne5 Nd4 34. Rxb7+ Bxb7 35. Qxb7+ Kg8 36. Nd7 Qd6 37. e5 g3+ 38. Kg2 f3+ 39. Kxg3 Ne2+ 40. Kh2 Qg6 41. Nxf8 Qg4 42. Qh7+ Kxf8 43. Qxh6+ Ke8 44. Ne3 Qd4 45. Qc6+ Kf7 46. Qxf3+ Ke8 47. Qc6+ Kf7 48. Bd5+ Kf8 49. Qh6+ 1-0

[Event "Rheinland Pfalz op 8th"]
[Site "Reil an der Mosel"]
[Date "2016.05.27"]
[Round "3"]
[White "Michels, Holger"]
[Black "Reitz, Theresa"]
[Result "0-1"]
[WhiteElo "1820"]
[BlackElo "1629"]
[PlyCount "61"]
[EventDate "2016.05.26"]
[EventType "swiss"]
[EventRounds "7"]
[EventCountry "GER"]
[SourceTitle "EXT 2018"]
[Source "ChessBase"]
[SourceDate "2017.10.13"]
[SourceVersion "1"]
[SourceVersionDate "2017.10.13"]
[SourceQuality "1"]

1. c4 c5 2. Nf3 Nc6 3. g3 d6 4. Bg2 g6 5. d4 cxd4 6. Nxd4 Nxd4 7. Qxd4 Nf6 8. Nc3 Bg7 9. 0-0 0-0 10. e4 Qc7 11. Nb5 Qd8 12. Rd1 Nd7 13. Qe3 Nc5 14. Rb1 Be6 15. Qe2 Bd7 16. Be3 Bxb5 17. Bxc5 Bd7 18. Bd4 Bxd4 19. Rxd4 Qb6 20. Rbd1 Bc6 21. a3 a5 22. Qe1 Qxb2 23. R4d3 Qe5 24. Rb1 Qc5 25. Qc3 Rac8 26. Re3 Rfd8 27. e5 Bxg2 28. Kxg2 d5 29. Rb5 Qc6 30. Rf3 dxc4 31. Qxa5 0-1

[Event "Rheinland Pfalz op 8th"]
[Site "Reil an der Mosel"]
[Date "2016.05.27"]
[Round "4"]
[White "Zimmer, Franz"]
[Black "Michels, Holger"]
[Result "0-1"]
[WhiteElo "1639"]
[BlackElo "1820"]
[PlyCount "122"]
[EventDate "2016.05.26"]
[EventType "swiss"]
[EventRounds "7"]
[EventCountry "GER"]
[SourceTitle "EXT 2018"]
[Source "ChessBase"]
[SourceDate "2017.10.13"]
[SourceVersion "1"]
[SourceVersionDate "2017.10.13"]
[SourceQuality "1"]

1. d4 Nf6 2. Nf3 g6 3. e3 Bg7 4. Nbd2 d6 5. Be2 c5 6. c3 0-0 7. 0-0 a6 8. a4 Nc6 9. e4 cxd4 10. Nxd4 Qb6 11. Nc4 Qc7 12. Nd2 Bd7 13. f3 Rac8 14. N2b3 Ne5 15. Kh1 Nc4 16. Bxc4 Qxc4 17. Bg5 Bxa4 18. Ra3 h6 19. Be3 Nd7 20. Qc1 Bxb3 21. Nxb3 Ne5 22. Rd1 Kh7 23. Qd2 f5 24. exf5 gxf5 25. Nd4 Qf7 26. b3 Nc6 27. Qc2 Nb4 28. Qd2 Nd5 29. c4 Nxe3 30. Qxe3 Bxd4 31. Qxd4 Qf6 32. Qd2 Rg8 33. Ra2 Rc5 34. Qf2 Qc3 35. Re2 Re5 36. Rxe5 Qxe5 37. Re1 Qg7 38. Qe2 e5 39. Rd1 Qg6 40. Rd5 f4 41. Qb2 Re8 42. h3 Re6 43. Qd2 Qb1+ 44. Kh2 Qxb3 45. Rxd6 Qxc4 46. Rd7+ Kg6 47. Qd1 b5 48. Qb1+ e4 49. fxe4 Qxe4 50. Qxe4+ Rxe4 51. Rd6+ Kf5 52. Rxa6 Re6 53. Ra5 Rb6 54. Ra8 b4 55. Rf8+ Ke4 56. Rc8 Kd3 57. Rd8+ Kc2 58. Rc8+ Kb1 59. h4 b3 60. Kh3 b2 61. Kg4 Ka2 0-1

[Event "Rheinland Pfalz op 8th"]
[Site "Reil an der Mosel"]
[Date "2016.05.26"]
[Round "1"]
[White "Michels, Holger"]
[Black "Dgebuadze, Alexandre"]
[Result "0-1"]
[WhiteElo "1820"]
[BlackElo "2511"]
[PlyCount "72"]
[EventDate "2016.05.26"]
[EventType "swiss"]
[EventRounds "7"]
[EventCountry "GER"]
[SourceTitle "EXT 2018"]
[Source "ChessBase"]
[SourceDate "2017.10.13"]
[SourceVersion "1"]
[SourceVersionDate "2017.10.13"]
[SourceQuality "1"]

1. c4 e5 2. Nc3 Nc6 3. g3 g6 4. Bg2 Bg7 5. d3 d6 6. Nf3 h6 7. Bd2 Nge7 8. Rb1 Bg4 9. h3 Be6 10. b4 Qd7 11. Qc1 f5 12. b5 Nd8 13. h4 Nf7 14. a4 Rd8 15. a5 0-0 16. h5 g5 17. Nxg5 hxg5 18. Bxg5 Nxg5 19. Qxg5 Kh7 20. Bxb7 Bh6 21. Qh4 Rg8 22. Bf3 Bg5 23. Qh2 Bf6 24. e4 Kh8 25. Ke2 Bg5 26. b6 cxb6 27. axb6 Nc6 28. Bg2 Nd4+ 29. Kf1 axb6 30. Nb5 Nxb5 31. Rxb5 Ra8 32. Rxb6 Ra1+ 33. Ke2 Ra2+ 34. Kf1 Qa7 35. c5 Ra1+ 36. Ke2 Qa2+ 0-1